| 000 | 00447cam a2200181ua 4500 | ||
|---|---|---|---|
| 001 | 2923 | ||
| 008 | 110916n ii |||gr||||Z||||||asm | ||
| 040 | _cMAIN | ||
| 082 | _a920 | ||
| 100 | 1 |
_aBarkataki, Munin, _eAuthor. |
|
| 245 | 1 | 1 |
_aBismrita byatikram _cby Munin Barkataky |
| 250 | _a1st. | ||
| 260 |
_aGuahati: _bBani Prakash,981. |
||
| 300 |
_a136p: _c23cm. |
||
| 653 | _aBiography | ||
| 653 | _aBiography of Bismrita byatikram | ||
| 942 | _cBK | ||
| 999 |
_c2771 _d2771 |
||